00610nam a22001697a 450000500170000000800410001701700300005804000230008808200240011110000290013524500890016425000100025326001070026330000240037065000360039465100100043020240530110930.0220214s1982 ua g 000 p ara d bمصر. دار الكتب aEG-CaGPLcEG-CaGPL04221a811.094/bم و0 aميشال سليمان 10aورد : وانتظار يقرع الابواب : شعر /cميشال سليمان  aط. 1 aبيروت :bالمؤسسة الجامعية للدراسات والنشر والتوزيع،c1982 a191 ص. ؛c20 سم072qrmakaالشعر العربى  2qrmak